Statistiques concernant Culture Générale - Série 1240

Cliquez ici pour prendre le quiz!

Statistiques générales

  • Ce quiz a été pris 55 fois
  • Le résultat moyen est 6 sur 10

Statistiques - réponses

Questionréponse% Correct
Quelle monnaie est familièrement appelée "billet vert" ?dollar
100%
À quel sport associe-t-on le sigle F.I.F.A. ?football
96%
La saillie visible sur le cou des hommes, formée par le cartilage thyroïde du larynx, est communément nommée "pomme...d'Adam
94%
Sur un clavier d'ordinateur, quelle est la touche la plus longue ?barre d'espace
87%
Quel anglicisme désigne un hôtel situé au bord des grands axes routiers, et aménagé pour recevoir les automobilistes ?motel
85%
Dans quel film sorti en 1985, Eddie Murphy incarne-t-il Alex Foley, policier de Detroit qui part enquêter à Los Angeles ?Le Flic de Beverly Hills
48%
Dans quel film réalisé par Wes Craven en 1996, le tueur se cache-t-il derrière un masque ?Scream
41%
Quel peintre français a réalisé la toile intitulée "Les Sabines", en 1799 ?Louis David
24%
Qui a écrit “Le Roman de la momie”, en 1858 ?Théophile Gautier
22%
Quel était le prénom de l'épouse de Wolfgang Amadeus Mozart ?Constance
9%

Distribution des résultats

Percentile par nombre de réponses

% des personnes avec chaque résultat

Votre développement - résultats

Vous n’avez pas pris ce quiz